Statistics for What Color is It - Multiple Choice

Click here to take the quiz!

General Stats

  • This quiz has been taken 34,598 times
  • The average score is 12 of 16

Answer Stats

QuestionAnswer% Correct
YodaGreen
93%
PikachuYellow
92%
Obsidian (typically)Black
91%
The background of the United Nations flagBlue
87%
The planet NeptuneBlue
86%
The robes of Buddhist monks (guess the closest color that matches)Orange
81%
SulfurYellow
81%
Lapis lazuliBlue
80%
AmethystPurple
80%
The uniforms of the Dutch national football teamOrange
77%
Beluga whalesWhite
74%
The color described by the adjective "ruddy"Red
69%
The color representing IslamGreen
65%
The Hope DiamondBlue
54%
The inside of a guavaPink
45%
The color associated with the Emperor of ChinaYellow
18%

Score Distribution

Percentile by Number Answered

Percent of People with Each Score

Your Score History

You have not taken this quiz